Missing Word: Harry Potter Cast II Quiz Stats

 Plays Quiz Updated Mar 7, 2016

Challenge
Share
Tweet
Embed
Score 0/24 Timer 03:00
1 Play Today
Answer % Correct
Days
93.1%
Ado
90.9%
West
88.5%
Sensibility
87%
Moulin
82.9%
Saving
80.2%
Fiction
77.4%
Gangs
74.6%
Week
68.1%
Shakespeare
68.1%
Tibet
66.2%
Lebowski
60.3%
Answer % Correct
Legend
59.4%
Heaven
57.3%
War
57%
In
56.7%
Mountain
47.8%
Howards
44.4%
Lady
40.5%
Rabbit
37.8%
Tailor
27.9%
Young
27.3%
Year
23.7%
Vera
22%

Today's Daily Dose

You're not logged in!

Compare scores with friends on all Sporcle quizzes.
Join for Free
OR
Log In

You Might Also Like...

Show Comments

Extras

Top Quizzes Today


Score Distribution

Your Account Isn't Verified!

In order to create a playlist on Sporcle, you need to verify the email address you used during registration. Go to your Sporcle Settings to finish the process.

Report this User

Report this user for behavior that violates our Community Guidelines.

Details: